| 000 | 00432nam a2200205Ia 4500 | ||
|---|---|---|---|
| 001 | 12884 | ||
| 003 | GE_BSU | ||
| 008 | 181216s||||||||xx |||||||||||||| ||und|| | ||
| 020 | _a0749319313 | ||
| 040 | _cGE_BSU | ||
| 080 | _a821.111-32 | ||
| 100 | _aMoggach,Deborah. | ||
| 245 | 4 | _aThe Ex-Wives. | |
| 260 | _aLondon. | ||
| 260 | _bMandarin. | ||
| 260 | _c1993 | ||
| 300 | _a389p;18cm. | ||
| 653 | _aThe Ex-Wives. | ||
| 942 | _cBK | ||
| 999 |
_c46054 _d46054 |
||